[Event "17th EUR-ch"]
[Site "Gjakova KOS"]
[Date "2016.05.23"]
[Round "11.10"]
[White "Anton Guijarro, David"]
[Black "Stupak, Kirill"]
[Result "1/2-1/2"]
[WhiteElo "2616"]
[BlackElo "2535"]
[EventDate "2016.05.12"]
[PlyCount "32"]

1.e4 e6 2.d4 d5 3.Nd2 c5 4.exd5 Qxd5 5.dxc5 Bxc5 6.Ngf3 Nf6 7.Bc4 Qc6 8.
Qe2 a6 9.a4 O-O 10.O-O Qc7 11.Ne4 Be7 12.Bg5 Nbd7 13.Rfd1 Re8 14.Nxf6+ 
Bxf6 15.Bxf6 Nxf6 16.Bb3 e5 1/2-1/2

[Event "17th EUR-ch"]
[Site "Gjakova KOS"]
[Date "2016.05.23"]
[Round "11.11"]
[White "Vitiugov, Nikita"]
[Black "Onischuk, Vladimir"]
[Result "1-0"]
[WhiteElo "2721"]
[BlackElo "2628"]
[EventDate "2016.05.12"]
[PlyCount "63"]

1.d4 d6 2.Nf3 g6 3.c4 Bg7 4.Nc3 Nf6 5.e4 O-O 6.h3 Nfd7 7.Be2 e5 8.d5 f5 9.
Ng5 Nc5 10.b4 h6 11.bxc5 hxg5 12.Ba3 Na6 13.c6 Rb8 14.O-O g4 15.hxg4 f4 
16.Qd3 bxc6 17.dxc6 Be6 18.Nd5 Rb6 19.c5 Rxc6 20.cxd6 cxd6 21.Qb5 Nb8 22.
Rac1 Bd7 23.Qb3 Kh7 24.Qh3+ Bh6 25.Rb1 Kg7 26.Bb5 Qg5 27.Bxc6 Bxg4 28.Rb7+
Kh8 29.Nf6 Rxf6 30.Rxb8+ Kh7 31.Rb7+ Kh8 32.Qh2 1-0

[Event "17th EUR-ch"]
[Site "Gjakova KOS"]
[Date "2016.05.23"]
[Round "11.12"]
[White "Lupulescu, Constantin"]
[Black "Ponomariov, Ruslan"]
[Result "1-0"]
[WhiteElo "2620"]
[BlackElo "2715"]
[EventDate "2016.05.12"]
[PlyCount "91"]

1.d4 Nf6 2.c4 e6 3.Nc3 Bb4 4.Qc2 d5 5.cxd5 exd5 6.Bg5 c5 7.dxc5 h6 8.Bh4 
O-O 9.e3 Be6 10.a3 Bxc3+ 11.Qxc3 g5 12.Bg3 Ne4 13.Qc2 Nc6 14.Nf3 f5 15.
O-O-O Qe7 16.Nd4 Rac8 17.Kb1 Nxc5 18.Nxe6 Nxe6 19.f3 d4 20.exd4 Nexd4 21.
Bc4+ Kh7 22.Qd3 Rfd8 23.h4 Kg6 24.hxg5 hxg5 25.Rde1 Qf6 26.f4 Rh8 27.fxg5 
Qxg5 28.Bf2 Qg4 29.Bd5 Rxh1 30.Rxh1 Rd8 31.Rh3 Ne5 32.Qd2 Rxd5 33.Rg3 Qxg3
34.Bxg3 Nec6 35.Bh4 Re5 36.Qg5+ Kh7 37.Qh5+ Kg7 38.Qg5+ Kh7 39.Qf6 Re7 40.
Bf2 Rd7 41.Bxd4 Nxd4 42.g4 f4 43.Qxf4 Kg6 44.Qe5 Kf7 45.g5 Nc6 46.g6+ 1-0

[Event "17th EUR-ch"]
[Site "Gjakova KOS"]
[Date "2016.05.23"]
[Round "11.13"]
[White "Salgado Lopez, Ivan"]
[Black "Ragger, Markus"]
[Result "1-0"]
[WhiteElo "2618"]
[BlackElo "2696"]
[EventDate "2016.05.12"]
[PlyCount "115"]

1.e4 e6 2.d4 d5 3.Nc3 Nf6 4.e5 Nfd7 5.f4 c5 6.Nf3 Be7 7.Be3 O-O 8.dxc5 
Nxc5 9.Qd2 Qc7 10.Nb5 Qc6 11.Nbd4 Qb6 12.c3 Nbd7 13.Be2 Ne4 14.Qc2 a5 15.
O-O Ndc5 16.a4 Bd7 17.Nb5 Rac8 18.Nfd4 f6 19.Nf3 Qd8 20.Rad1 Qe8 21.c4 Qg6
22.f5 exf5 23.Nh4 Qe8 24.Nxf5 fxe5 25.Nxe7+ Qxe7 26.Rxf8+ Rxf8 27.cxd5 b6 
28.b3 Qh4 29.d6 Rf6 30.Nc3 Nxd6 31.g3 Bf5 32.Rxd6 Bxc2 33.Rd8+ Kf7 34.gxh4
Bxb3 35.Bg5 Rc6 36.Bh5+ g6 37.Bf3 Rc7 38.Nb5 Rd7 39.Rxd7+ Nxd7 40.Nc3 Ke6 
41.Bc6 Kd6 42.Bb5 Nb8 43.Bd8 Kc5 44.Be7+ Kd4 45.Bd6 Na6 46.Bxa6 Kxc3 47.
Bb5 e4 48.Kf2 Kd4 49.Bf4 Kc5 50.Be8 Bc2 51.Ke3 Kb4 52.Bd6+ Kc4 53.Bb5+ Kc3
54.Bd7 Kc4 55.Be6+ Kc3 56.Bc7 Kb4 57.Bxb6 Kxa4 58.Bg8 1-0

[Event "17th EUR-ch"]
[Site "Gjakova KOS"]
[Date "2016.05.23"]
[Round "11.14"]
[White "Fressinet, Laurent"]
[Black "Kozul, Zdenko"]
[Result "1-0"]
[WhiteElo "2692"]
[BlackElo "2591"]
[EventDate "2016.05.12"]
[PlyCount "127"]

1.Nf3 Nf6 2.c4 g6 3.g3 c6 4.Bg2 Bg7 5.O-O O-O 6.d4 d5 7.b3 Bg4 8.Bb2 Qb6 
9.Ne5 Be6 10.Nc3 Rd8 11.Na4 Qc7 12.Nc5 Bc8 13.Rc1 dxc4 14.Nxc4 Nfd7 15.Nd3
a5 16.Qc2 Nb6 17.Nce5 a4 18.e4 axb3 19.axb3 N8d7 20.f4 Nxe5 21.fxe5 e6 22.
Qf2 Ra2 23.Ra1 Rxa1 24.Bxa1 Na8 25.b4 Qd7 26.Qe3 Nc7 27.Nf2 b6 28.Ng4 Ba6 
29.Rc1 Ne8 30.Nh6+ Bxh6 31.Qxh6 Bb5 32.Bc3 Ra8 33.Qd2 Nc7 34.Ra1 Qd8 35.
Rxa8 Qxa8 36.h4 Bc4 37.h5 Qd8 38.h6 Kf8 39.Qc1 Ke8 40.Bd2 b5 41.Be3 Kd7 
42.Bg5 Qf8 43.Qf4 Kc8 44.Qf6 Qxb4 45.Qxf7 Bd3 46.Qxh7 Qe1+ 47.Kh2 Bxe4 48.
Bxe4 Qxe4 49.Qf7 Qe2+ 50.Kg1 Qd1+ 51.Kg2 Qe2+ 52.Kg1 Qd1+ 53.Kg2 Qe2+ 54.
Qf2 Qh5 55.Bd2 g5 56.Bxg5 b4 57.Qf8+ Kb7 58.Qxb4+ Nb5 59.Be3 Qe2+ 60.Bf2 
Qe4+ 61.Kg1 Qh7 62.Qf8 Qb1+ 63.Kh2 Ka6 64.d5 1-0

[Event "17th EUR-ch"]
[Site "Gjakova KOS"]
[Date "2016.05.23"]
[Round "11.15"]
[White "Andriasian, Zaven"]
[Black "Kryvoruchko, Yuriy"]
[Result "1/2-1/2"]
[WhiteElo "2602"]
[BlackElo "2691"]
[EventDate "2016.05.12"]
[PlyCount "65"]

1.e4 c5 2.Nf3 e6 3.d4 cxd4 4.Nxd4 Nc6 5.Nc3 Qc7 6.Be3 a6 7.f4 b5 8.Bd3 Bb7
9.Nb3 d6 10.Qf3 Nf6 11.O-O Be7 12.Rae1 Rc8 13.Qh3 h5 14.Kh1 Nb4 15.a3 Nxd3
16.cxd3 Ng4 17.Nd4 Nxe3 18.Rxe3 Qb6 19.Nde2 Kd8 20.Rg3 Bf6 21.d4 Bxd4 22.
Rd1 Bxc3 23.Nxc3 Qf2 24.Rxg7 Qxf4 25.Qd3 Rf8 26.Ne2 Qe5 27.Rg5 f5 28.exf5 
Rxf5 29.Rxf5 exf5 30.Qxd6+ Qxd6 31.Rxd6+ Ke7 32.Rd2 h4 33.Kg1 1/2-1/2

[Event "17th EUR-ch"]
[Site "Gjakova KOS"]
[Date "2016.05.23"]
[Round "11.16"]
[White "Sargissian, Gabriel"]
[Black "Zubov, Alexander"]
[Result "1/2-1/2"]
[WhiteElo "2689"]
[BlackElo "2612"]
[EventDate "2016.05.12"]
[PlyCount "88"]

1.c4 e6 2.Nc3 d5 3.d4 Be7 4.Nf3 Nf6 5.Bf4 O-O 6.e3 b6 7.Bd3 dxc4 8.Bxc4 
Ba6 9.Qe2 Qc8 10.Rc1 Bxc4 11.Qxc4 c5 12.dxc5 bxc5 13.O-O Nbd7 14.Rfd1 Nb6 
15.Qb5 Nbd5 16.Nxd5 Nxd5 17.Be5 a6 18.Qa4 Rd8 19.Qg4 f6 20.Bg3 e5 21.Qc4 
Qe6 22.Nd2 Qf7 23.a3 Nb6 24.Qxf7+ Kxf7 25.Kf1 c4 26.Ke2 Rac8 27.Ne4 Rxd1 
28.Kxd1 Na4 29.Kc2 Rb8 30.Rb1 Ke6 31.Nd2 Rc8 32.Nf1 e4 33.f3 f5 34.fxe4 
fxe4 35.Be1 Bf6 36.Ng3 Rb8 37.Nxe4 Rxb2+ 38.Rxb2 Bxb2 39.Bb4 Be5 40.Nd2 
Kd5 41.h3 g6 42.e4+ Kd4 43.Nf3+ Kxe4 44.Ng5+ Kf4 1/2-1/2

[Event "17th EUR-ch"]
[Site "Gjakova KOS"]
[Date "2016.05.23"]
[Round "11.17"]
[White "Cheparinov, Ivan"]
[Black "Sanikidze, Tornike"]
[Result "1-0"]
[WhiteElo "2685"]
[BlackElo "2537"]
[EventDate "2016.05.12"]
[PlyCount "79"]

1.d4 d5 2.c4 e6 3.Nf3 Nf6 4.Nc3 dxc4 5.e4 Bb4 6.Bxc4 Nxe4 7.O-O Nxc3 8.
bxc3 Bd6 9.Ng5 h6 10.Ne4 O-O 11.Qf3 Nc6 12.Re1 Ne7 13.Rb1 Nf5 14.Nxd6 cxd6
15.Bd3 Qa5 16.Bf4 Rd8 17.Qh3 Kf8 18.a4 a6 19.Bd2 Ne7 20.Qh4 Qxa4 21.c4 Rb8
22.Rb6 Qa3 23.Be4 a5 24.h3 Ke8 25.Qh5 Ra8 26.Kh2 Qa2 27.Qe2 d5 28.Bd3 Nc6 
29.Qe3 dxc4 30.Bb1 Qa4 31.d5 Rxd5 32.Be4 Rd8 33.Qc3 Ne7 34.Bf4 Kf8 35.Be5 
f6 36.Bxf6 gxf6 37.Qxf6+ Ke8 38.Bg6+ Nxg6 39.Qxg6+ Ke7 40.Qg7+ 1-0

[Event "17th EUR-ch"]
[Site "Gjakova KOS"]
[Date "2016.05.23"]
[Round "11.18"]
[White "Steingrimsson, Hedinn"]
[Black "Naer, Evgeny"]
[Result "0-1"]
[WhiteElo "2574"]
[BlackElo "2681"]
[EventDate "2016.05.12"]
[PlyCount "94"]

1.Nf3 f5 2.d4 Nf6 3.c4 g6 4.b4 e6 5.Qb3 Nc6 6.a3 Bg7 7.Bb2 Qe7 8.e3 O-O 9.
Be2 Nd8 10.Nc3 Nf7 11.Ne5 d6 12.Nxf7 Qxf7 13.O-O g5 14.f4 Qg6 15.a4 Bd7 
16.a5 Ng4 17.Nd1 Qh6 18.h3 Nf6 19.fxg5 Qxg5 20.Bf3 Ne4 21.Bxe4 fxe4 22.Nf2
Rf3 23.Qc2 Raf8 24.Kh1 R3f5 25.Qe2 Qh4 26.Kg1 Be8 27.Nh1 Bh5 28.Qd2 Bf3 
29.Rf2 Rg5 30.Kh2 Bxg2 31.Rxg2 Rf3 32.Kg1 Rxh3 33.Nf2 Rxg2+ 34.Kxg2 Qg3+ 
35.Kf1 Rh2 36.Qe2 Rg2 37.Ke1 Bf6 38.a6 b6 39.Bc3 Bh4 40.Kd1 Qxf2 41.Qxf2 
Rxf2 42.Ra3 h5 43.c5 Bg3 44.cxb6 cxb6 45.d5 h4 46.dxe6 h3 47.e7 Kf7 0-1

[Event "17th EUR-ch"]
[Site "Gjakova KOS"]
[Date "2016.05.23"]
[Round "11.19"]
[White "Demchenko, Anton"]
[Black "Howell, David"]
[Result "1-0"]
[WhiteElo "2589"]
[BlackElo "2671"]
[EventDate "2016.05.12"]
[PlyCount "49"]

1.e4 e5 2.Nf3 Nc6 3.Bc4 Bc5 4.c3 Nf6 5.d3 a6 6.O-O Ba7 7.Bg5 h6 8.Bh4 d6 
9.Nbd2 g5 10.Bg3 O-O 11.a4 g4 12.Bh4 Kg7 13.Kh1 gxf3 14.Qxf3 Nb8 15.g4 
Nbd7 16.Rg1 Rh8 17.Nf1 Qe8 18.g5 Ng8 19.gxh6+ Kf8 20.Qg3 Ngf6 21.Qg7+ Ke7 
22.Rg6 Rg8 23.Bxf6+ Nxf6 24.Qxf6+ Kd7 25.Bxf7 1-0

[Event "17th EUR-ch"]
[Site "Gjakova KOS"]
[Date "2016.05.23"]
[Round "11.21"]
[White "Zhigalko, Sergei"]
[Black "Pantsulaia, Levan"]
[Result "1-0"]
[WhiteElo "2647"]
[BlackElo "2613"]
[EventDate "2016.05.12"]
[PlyCount "95"]

1.e4 c6 2.d4 d5 3.e5 Bf5 4.Nf3 e6 5.Be2 Nd7 6.O-O Nh6 7.Nbd2 Bg6 8.c4 Be7 
9.cxd5 exd5 10.Nb3 a5 11.Bxh6 gxh6 12.Qd2 Qb6 13.Rad1 a4 14.Nc1 Nf8 15.a3 
Ne6 16.Kh1 O-O 17.Bd3 Kg7 18.Ne2 Qb3 19.Ng3 Qxd3 20.Qxd3 Bxd3 21.Rxd3 Kg6 
22.Nd2 Bg5 23.Ne2 Bxd2 24.Rxd2 f6 25.f4 fxe5 26.dxe5 h5 27.g3 Ra5 28.Nd4 
Nxd4 29.Rxd4 Kf5 30.Kg2 Rb5 31.Rf2 Ra8 32.Kh3 Ke6 33.Rfd2 Rb3 34.Kh4 b5 
35.Kxh5 Rd8 36.Rc2 Rc8 37.Re2 c5 38.f5+ Kxf5 39.Rxd5 Ke6 40.Rd6+ Ke7 41.
Rh6 Rh8 42.Rc6 c4 43.e6 h6 44.Rf2 Rd8 45.Rf7+ Ke8 46.Rh7 Rxb2 47.Rcc7 Rd5+
48.Kg6 1-0

[Event "17th EUR-ch"]
[Site "Gjakova KOS"]
[Date "2016.05.23"]
[Round "11.22"]
[White "Matlakov, Maxim"]
[Black "Antipov, Mikhail"]
[Result "1/2-1/2"]
[WhiteElo "2693"]
[BlackElo "2576"]
[EventDate "2016.05.12"]
[PlyCount "73"]

1.Nf3 c5 2.c4 d6 3.d4 cxd4 4.Nxd4 g6 5.Nc3 Nc6 6.e4 Nf6 7.Nc2 Bg7 8.Be2 
O-O 9.O-O Nd7 10.Bd2 Nc5 11.f3 Bxc3 12.Bxc3 Na4 13.Qd2 Nxc3 14.Qxc3 Be6 
15.b3 f6 16.Ne3 Rc8 17.Rad1 Qa5 18.Qxa5 Nxa5 19.f4 Nc6 20.h4 Kg7 21.Kf2 
Rcd8 22.Rd2 Bc8 23.g4 h6 24.Rfd1 g5 25.f5 b6 26.Nd5 Rd7 27.Rh1 Ne5 28.Ke3 
Bb7 29.Nc3 Bc6 30.Bf3 Rdd8 31.Ne2 Be8 32.Nd4 Bf7 33.Rdh2 gxh4 34.Rxh4 Rh8 
35.Be2 Rc8 36.a4 a5 37.R4h3 1/2-1/2

[Event "17th EUR-ch"]
[Site "Gjakova KOS"]
[Date "2016.05.23"]
[Round "11.23"]
[White "Korobov, Anton"]
[Black "Bok, Benjamin"]
[Result "1/2-1/2"]
[WhiteElo "2674"]
[BlackElo "2614"]
[EventDate "2016.05.12"]
[PlyCount "21"]

1.d4 Nf6 2.c4 g6 3.g3 c6 4.Bg2 d5 5.cxd5 cxd5 6.Nf3 Bg7 7.Nc3 O-O 8.Ne5 b6
9.O-O Bb7 10.Bf4 Nc6 11.Nxc6 1/2-1/2

[Event "17th EUR-ch"]
[Site "Gjakova KOS"]
[Date "2016.05.23"]
[Round "11.24"]
[White "Moiseenko, Olexandr"]
[Black "Can, Emre"]
[Result "1/2-1/2"]
[WhiteElo "2663"]
[BlackElo "2557"]
[EventDate "2016.05.12"]
[PlyCount "21"]

1.d4 d6 2.e4 Nf6 3.Nc3 e5 4.Nf3 Nbd7 5.g4 Nxg4 6.Rg1 Ngf6 7.Bc4 h6 8.Be3 
c6 9.Bb3 b5 10.a3 Qa5 11.Nd2 1/2-1/2

[Event "17th EUR-ch"]
[Site "Gjakova KOS"]
[Date "2016.05.23"]
[Round "11.25"]
[White "Jones, Gawain"]
[Black "Hracek, Zbynek"]
[Result "1/2-1/2"]
[WhiteElo "2657"]
[BlackElo "2598"]
[EventDate "2016.05.12"]
[PlyCount "61"]

1.e4 c5 2.Nf3 d6 3.c3 Nf6 4.Be2 Nbd7 5.Qc2 Qc7 6.O-O b6 7.c4 Bb7 8.Nc3 e6 
9.d4 cxd4 10.Nxd4 Be7 11.Be3 Rc8 12.Rfd1 a6 13.f3 O-O 14.Qd2 Rfe8 15.Rac1 
Qb8 16.Bf1 Bd8 17.Kh1 Bc7 18.b4 d5 19.cxd5 Bxh2 20.Nc6 Bxc6 21.dxc6 Rxc6 
22.Bxa6 Rd6 23.Qc2 Bf4 24.Rxd6 Qxd6 25.Rd1 Qe5 26.Bxf4 Qxf4 27.Bb5 Rc8 28.
Bxd7 Nxd7 29.Rxd7 Qh4+ 30.Kg1 Qe1+ 31.Kh2 1/2-1/2

[Event "17th EUR-ch"]
[Site "Gjakova KOS"]
[Date "2016.05.23"]
[Round "11.26"]
[White "Nabaty, Tamir"]
[Black "Swiercz, Dariusz"]
[Result "0-1"]
[WhiteElo "2619"]
[BlackElo "2656"]
[EventDate "2016.05.12"]
[PlyCount "88"]

1.d4 Nf6 2.Nf3 g6 3.c4 Bg7 4.g3 c6 5.Bg2 d5 6.cxd5 cxd5 7.O-O O-O 8.Nc3 
Ne4 9.Qb3 Nxc3 10.bxc3 Nc6 11.Nd2 e6 12.e4 Na5 13.Qd1 Qc7 14.Qf3 b6 15.
exd5 exd5 16.Nb3 Nxb3 17.Bf4 Nxd4 18.cxd4 Qc2 19.Rac1 Qxa2 20.Qxd5 Qxd5 
21.Bxd5 Bh3 22.Bxa8 Bxf1 23.Bc6 Bh3 24.d5 Rc8 25.Re1 Bf6 26.Re4 g5 27.Be3 
Bf5 28.Ra4 Rc7 29.h4 h6 30.hxg5 hxg5 31.Rc4 Bd7 32.f4 g4 33.Bd2 Kg7 34.Bb4
Bxc6 35.dxc6 Kg6 36.Bd6 Rc8 37.c7 Kf5 38.Rc6 Ke4 39.Ba3 Bd4+ 40.Kf1 b5 41.
Be7 Bb6 42.Bd8 Kd5 43.Rc1 Kd6 44.Bf6 Kd7 0-1

[Event "17th EUR-ch"]
[Site "Gjakova KOS"]
[Date "2016.05.23"]
[Round "11.27"]
[White "Bartel, Mateusz"]
[Black "Oparin, Grigoriy"]
[Result "0-1"]
[WhiteElo "2653"]
[BlackElo "2575"]
[EventDate "2016.05.12"]
[PlyCount "76"]

1.g3 d5 2.Bg2 c6 3.d3 Nf6 4.f4 Bf5 5.Nf3 e6 6.O-O Bc5+ 7.e3 h6 8.Qe2 Nbd7 
9.Nc3 b5 10.Kh1 b4 11.e4 Bh7 12.Na4 dxe4 13.Ne5 exd3 14.cxd3 O-O 15.d4 Bd6
16.Nxc6 Qe8 17.a3 bxa3 18.b3 Nd5 19.Bxa3 Bxa3 20.Rxa3 Rc8 21.Nxa7 Rc2 22.
Qf3 Qb8 23.Nc5 Nxc5 24.dxc5 Rxc5 25.b4 Qxb4 26.Qb3 Qxb3 27.Rxb3 Ra8 28.Nb5
Bc2 29.Ra3 Rxa3 30.Nxa3 Bd3 31.Ra1 g5 32.fxg5 hxg5 33.Kg1 Ne3 34.Ba8 Rc3 
35.Kf2 Ng4+ 36.Kg2 Rb3 37.Ra2 Kg7 38.Bf3 Bf1+ 0-1

[Event "17th EUR-ch"]
[Site "Gjakova KOS"]
[Date "2016.05.23"]
[Round "11.28"]
[White "Khismatullin, Denis"]
[Black "Saric, Ivan"]
[Result "0-1"]
[WhiteElo "2609"]
[BlackElo "2650"]
[EventDate "2016.05.12"]
[PlyCount "48"]

1.Nf3 Nf6 2.g3 d5 3.Bg2 c6 4.c4 Bf5 5.cxd5 cxd5 6.Qb3 Nc6 7.Qxb7 Bd7 8.Qb3
e5 9.d3 Rb8 10.Qd1 Bb4+ 11.Nfd2 Qc8 12.Nc3 Bh3 13.O-O h5 14.Nxd5 h4 15.
Nc7+ Qxc7 16.Bxh3 hxg3 17.Kg2 gxf2 18.Ne4 Nxe4 19.dxe4 Nd4 20.Bg5 Qc6 21.
Qd3 Qg6 22.Qg3 Qxe4+ 23.Kxf2 Bc5 24.Be3 Nf5 0-1

[Event "17th EUR-ch"]
[Site "Gjakova KOS"]
[Date "2016.05.23"]
[Round "11.29"]
[White "Grandelius, Nils"]
[Black "Stocek, Jiri"]
[Result "1-0"]
[WhiteElo "2649"]
[BlackElo "2531"]
[EventDate "2016.05.12"]
[PlyCount "151"]

1.Nf3 Nf6 2.g3 d5 3.Bg2 Bf5 4.c4 e6 5.O-O c6 6.cxd5 exd5 7.d3 Be7 8.Qb3 
Qb6 9.Qc2 O-O 10.Nc3 h6 11.e4 Bh7 12.Be3 Qa6 13.Rfe1 Nbd7 14.Rad1 Rfe8 15.
exd5 Nxd5 16.Nxd5 cxd5 17.Qb3 Rad8 18.Bd4 Nb8 19.Qc3 Bf8 20.Rxe8 Rxe8 21.
Ne5 Nc6 22.Nxf7 Qa4 23.Nxh6+ Kh8 24.Nf7+ Kg8 25.Nh6+ Kh8 26.Re1 Rxe1+ 27.
Qxe1 Qxd4 28.Nf7+ Kg8 29.Ng5 Ne5 30.Qa5 Nxd3 31.Qxd5+ Qxd5 32.Bxd5+ Kh8 
33.Nf7+ Kg8 34.Ng5+ Kh8 35.Nxh7 Bc5 36.Ng5 Nxf2 37.Kf1 Nd1 38.Ke2 Nxb2 39.
Bxb7 Na4 40.Kd3 Bg1 41.Bc6 Nb2+ 42.Ke2 Nc4 43.Nf3 Bb6 44.Kd3 Nd6 45.Ne5 
Kh7 46.a4 Kh6 47.Be4 g5 48.h3 a5 49.Bd5 Nf5 50.Nf7+ Kg6 51.g4 Ne7 52.Ne5+ 
Kg7 53.Kc4 Bc7 54.Nf3 Kf6 55.Be4 Bd6 56.Bb1 Bb4 57.Be4 Nc8 58.Bc2 Nb6+ 59.
Kd4 Nd7 60.Kd5 Nb6+ 61.Kd4 Nd7 62.h4 gxh4 63.g5+ Kf7 64.Nxh4 Nc5 65.Kd5 
Kg7 66.Nf3 Nd7 67.Ke4 Nf8 68.Kf5 Bc3 69.Ng1 Ng6 70.Ne2 Bb2 71.Ng3 Bc1 72.
Nh5+ Kh7 73.Kf6 Bb2+ 74.Kf7 Bc1 75.Nf6+ Kh8 76.Kxg6 1-0

[Event "17th EUR-ch"]
[Site "Gjakova KOS"]
[Date "2016.05.23"]
[Round "11.30"]
[White "Yilmaz, Mustafa"]
[Black "Ipatov, Alexander"]
[Result "1/2-1/2"]
[WhiteElo "2603"]
[BlackElo "2648"]
[EventDate "2016.05.12"]
[PlyCount "28"]

1.d4 Nf6 2.c4 g6 3.Nf3 Bg7 4.g3 O-O 5.Bg2 d6 6.O-O c6 7.Nc3 Bf5 8.b3 Ne4 
9.Bb2 Nxc3 10.Bxc3 Be4 11.Qd2 Nd7 12.Qe3 d5 13.Bh3 Bxf3 14.Qxf3 Nf6 
1/2-1/2

[Event "17th EUR-ch"]
[Site "Gjakova KOS"]
[Date "2016.05.23"]
[Round "11.31"]
[White "Esen, Baris"]
[Black "Kobalia, Mikhail"]
[Result "1/2-1/2"]
[WhiteElo "2508"]
[BlackElo "2646"]
[EventDate "2016.05.12"]
[PlyCount "60"]

1.d4 f5 2.g3 Nf6 3.Bg2 g6 4.Nf3 Bg7 5.O-O O-O 6.c4 d6 7.Nc3 Nc6 8.d5 Ne5 
9.Qb3 Nxf3+ 10.exf3 e5 11.dxe6 Bxe6 12.Qxb7 Bxc4 13.Rd1 Qd7 14.Qb4 Bf7 15.
Be3 a5 16.Qa3 Rfe8 17.Rac1 a4 18.Bf1 Reb8 19.Bd4 f4 20.Ne4 Nxe4 21.fxe4 
Bxd4 22.Rxd4 Qe7 23.Bc4 Bxc4 24.Rcxc4 Qf6 25.gxf4 c5 26.Rxa4 Qxd4 27.Rxa8 
Qd1+ 28.Kg2 Qg4+ 29.Kf1 Qd1+ 30.Kg2 Qg4+ 1/2-1/2

[Event "17th EUR-ch"]
[Site "Gjakova KOS"]
[Date "2016.05.23"]
[Round "11.32"]
[White "Melkumian, Hrant"]
[Black "Sanal, Vahap"]
[Result "1-0"]
[WhiteElo "2646"]
[BlackElo "2465"]
[EventDate "2016.05.12"]
[PlyCount "87"]

1.c4 d6 2.d4 e5 3.Nc3 exd4 4.Qxd4 Nf6 5.g3 Nc6 6.Qd2 Be6 7.e4 g6 8.b3 Bg7 
9.Bb2 a5 10.Bg2 a4 11.Nge2 O-O 12.O-O a3 13.Bc1 Nh5 14.Qd1 f5 15.exf5 gxf5
16.Re1 Kh8 17.Be3 f4 18.Nxf4 Nxf4 19.Bxf4 Bxc3 20.Rxe6 Nd4 21.Re4 Bxa1 22.
Qxa1 c5 23.Be3 Rf7 24.h4 Qf8 25.Rxd4 cxd4 26.Bxd4+ Kg8 27.Bd5 Qh6 28.Qd1 
Qg6 29.Qc1 Kf8 30.Kg2 h5 31.b4 Ke8 32.b5 Re7 33.Qf4 Rc8 34.Bf6 Rf7 35.Qe3+
Kf8 36.Qe6 Rxf6 37.Qxc8+ Qe8 38.Qxb7 Qe2 39.Qa8+ Ke7 40.Qa7+ Kf8 41.Qd4 
Qb2 42.Qb6 Kg7 43.Qe3 Kf8 44.b6 1-0

[Event "17th EUR-ch"]
[Site "Gjakova KOS"]
[Date "2016.05.23"]
[Round "11.33"]
[White "Kovalev, Vladislav"]
[Black "Volokytin, Andriy"]
[Result "1-0"]
[WhiteElo "2562"]
[BlackElo "2642"]
[EventDate "2016.05.12"]
[PlyCount "113"]

1.e4 c5 2.Nf3 d6 3.Bb5+ Nd7 4.O-O a6 5.Bd3 Ngf6 6.Re1 e6 7.c3 b5 8.Bc2 c4 
9.d4 cxd3 10.Qxd3 Bb7 11.Qe2 Nb6 12.a4 Nxa4 13.e5 Nd7 14.Nbd2 dxe5 15.Rxa4
bxa4 16.Bxa4 Qa5 17.Bxd7+ Kxd7 18.Nc4 Qc7 19.Ncxe5+ Kc8 20.Ng5 Bc5 21.b4 
f6 22.Nef7 fxg5 23.Nxh8 Qc6 24.Qg4 Be7 25.Nf7 h5 26.Qg3 g4 27.Bg5 Bxg5 28.
Nxg5 a5 29.Rxe6 Qd5 30.h4 axb4 31.cxb4 Ra3 32.Re3 Rxe3 33.fxe3 Qc4 34.Qf4 
Qc1+ 35.Kh2 Qb2 36.Qf8+ Kd7 37.Qf7+ Kc8 38.Qe8+ Kc7 39.Ne6+ Kd6 40.Nf4 Qf2
41.Qd8+ Kc6 42.Qd5+ Kc7 43.Ne6+ Kb8 44.Qd6+ Ka7 45.Qc5+ Kb8 46.Qf8+ Qxf8 
47.Nxf8 Ka7 48.Kg3 Bd5 49.Ng6 Kb6 50.Nf4 Bf7 51.e4 Kb5 52.Nd5 Kc4 53.Kf4 
Kd4 54.Ne7 g6 55.Nc6+ Kc3 56.b5 Be8 57.Na7 1-0

[Event "17th EUR-ch"]
[Site "Gjakova KOS"]
[Date "2016.05.23"]
[Round "11.34"]
[White "Kravtsiv, Martyn"]
[Black "Birnboim, Nathan"]
[Result "1-0"]
[WhiteElo "2641"]
[BlackElo "2367"]
[EventDate "2016.05.12"]
[PlyCount "81"]

1.e4 c5 2.Nf3 Nc6 3.d4 cxd4 4.Nxd4 Nf6 5.Nc3 e5 6.Ndb5 d6 7.Bg5 a6 8.Na3 
b5 9.Nd5 Be7 10.Bxf6 Bxf6 11.c4 b4 12.Nc2 O-O 13.g3 Rb8 14.Qd3 Bg5 15.Bg2 
Ne7 16.Nce3 Bxe3 17.Nxe3 Qb6 18.O-O Bb7 19.Rad1 Rbd8 20.Rd2 g6 21.Rfd1 Qc5
22.Ng4 h5 23.Qe3 Qxc4 24.Nf6+ Kg7 25.Rxd6 Rxd6 26.Rxd6 Rc8 27.Bf1 Qc1 28.
Qb6 Bc6 29.Qxa6 Qxb2 30.Qa7 Kf8 31.Qe3 Ng8 32.Qc5 Ne7 33.Rd3 Bb7 34.Nh7+ 
Ke8 35.Qb6 Bc6 36.Rd8+ Rxd8 37.Nf6+ Kf8 38.Qxd8+ Kg7 39.Qxe7 Qxa2 40.Qxe5 
Qe6 41.Nxh5+ 1-0

[Event "17th EUR-ch"]
[Site "Gjakova KOS"]
[Date "2016.05.23"]
[Round "11.35"]
[White "Mastrovasilis, Athanasios"]
[Black "Romanov, Evgeny"]
[Result "0-1"]
[WhiteElo "2542"]
[BlackElo "2641"]
[EventDate "2016.05.12"]
[PlyCount "92"]

1.Nf3 Nf6 2.g3 b5 3.Bg2 Bb7 4.b3 g6 5.Bb2 Bg7 6.c4 a6 7.Nc3 Bc6 8.Nd5 e6 
9.Nxf6+ Bxf6 10.Qc2 O-O 11.O-O bxc4 12.bxc4 d6 13.d4 Nd7 14.Rab1 Rb8 15.e4
Ba8 16.Nd2 Bg7 17.Nb3 f5 18.d5 Bxb2 19.Rxb2 Qf6 20.exf5 gxf5 21.Rbb1 Nb6 
22.Rbd1 f4 23.Rfe1 Rbe8 24.Re4 Qg6 25.Qe2 exd5 26.cxd5 Rxe4 27.Bxe4 Qg5 
28.Nd4 fxg3 29.hxg3 Bxd5 30.Bxd5+ Nxd5 31.Qc4 Qh5 32.Ne2 c6 33.Qxc6 Ne3 
34.Rd2 Qf5 35.Nc3 Qh3 36.Rd1 Nxd1 37.Qd5+ Kg7 38.Qd4+ Kg8 39.Qd5+ Kg7 40.
Qd4+ Kf7 41.Ne4 Qh5 42.Nxd6+ Ke6 43.Ne4 Qd5 44.Qb6+ Kf7 45.Qf6+ Kg8 46.Qe7
Qf5 0-1

[Event "17th EUR-ch"]
[Site "Gjakova KOS"]
[Date "2016.05.23"]
[Round "11.36"]
[White "Petrosian, Manuel"]
[Black "Berkes, Ferenc"]
[Result "1/2-1/2"]
[WhiteElo "2480"]
[BlackElo "2636"]
[EventDate "2016.05.12"]
[PlyCount "88"]

1.Nf3 e6 2.c4 b6 3.g3 Bb7 4.Bg2 Nf6 5.O-O Be7 6.Nc3 O-O 7.Re1 d5 8.cxd5 
exd5 9.d4 Na6 10.Ne5 c5 11.dxc5 Nxc5 12.Be3 Re8 13.Bd4 Nfe4 14.Rc1 Bd6 15.
Nd3 Ne6 16.Be5 Bf8 17.Nb5 Re7 18.Nd4 N6c5 19.Nf3 Qe8 20.Bd4 Ne6 21.e3 Rd8 
22.Nf4 Nxd4 23.Nxd4 g6 24.Qb3 Nc5 25.Qc2 Rc7 26.b4 Ne6 27.Qb3 Nxd4 28.exd4
Rxc1 29.Rxc1 Qd7 30.Re1 Bg7 31.h4 Qd6 32.Qa4 Bxd4 33.Rd1 Qf6 34.Qxa7 Bc8 
35.Qc7 Be5 36.Nxd5 Bxc7 37.Nxf6+ Kg7 38.Rxd8 Bxd8 39.Nd5 Be6 40.a4 Bxd5 
41.Bxd5 f5 42.Kf1 f4 43.Ke2 fxg3 44.fxg3 Kf6 1/2-1/2

[Event "17th EUR-ch"]
[Site "Gjakova KOS"]
[Date "2016.05.23"]
[Round "11.37"]
[White "Haznedaroglu, Kivanc"]
[Black "Gabuzian, Hovhannes"]
[Result "0-1"]
[WhiteElo "2494"]
[BlackElo "2620"]
[EventDate "2016.05.12"]
[PlyCount "104"]

1.d4 Nf6 2.Nf3 d5 3.c4 c6 4.Nc3 dxc4 5.e3 b5 6.a4 b4 7.Na2 e6 8.Bxc4 Nbd7 
9.O-O Bb7 10.Bd2 a5 11.Nc1 c5 12.Nb3 Be7 13.Rc1 O-O 14.Qe2 Nb6 15.Bb5 c4 
16.Nc5 Bxf3 17.gxf3 Rc8 18.Rfd1 Qd5 19.Bxc4 Nxc4 20.Rxc4 Qg5+ 21.Kh1 Qh5 
22.e4 Rfd8 23.Rg1 h6 24.Rg3 Bd6 25.e5 Bxc5 26.exf6 Bxd4 27.Rxc8 Rxc8 28.
Rxg7+ Kf8 29.Rg3 Bxf6 30.Bf4 Qc5 31.Qa6 Rc6 32.Qa8+ Rc8 33.Bd6+ Be7 34.
Bxc5 Rxa8 35.Be3 Bf6 36.Bxh6+ Ke7 37.b3 Rd8 38.Kg2 Rd1 39.f4 Bc3 40.Bg7 f6
41.Bh8 Kf8 42.Bg7+ Kf7 43.f5 exf5 44.Bh6 Rb1 45.h4 Rxb3 46.h5 Ra3 47.Rg7+ 
Ke6 48.Bf4 b3 49.h6 b2 50.h7 b1=Q 51.h8=Q Qe4+ 52.Kh3 Be5+ 0-1

[Event "17th EUR-ch"]
[Site "Gjakova KOS"]
[Date "2016.05.23"]
[Round "11.39"]
[White "Areschenko, Alexander"]
[Black "Svane, Rasmus"]
[Result "1-0"]
[WhiteElo "2667"]
[BlackElo "2526"]
[EventDate "2016.05.12"]
[PlyCount "59"]

1.e4 e6 2.d4 d5 3.Nc3 Nf6 4.e5 Nfd7 5.f4 c5 6.Nf3 Be7 7.Be3 O-O 8.dxc5 Nc6
9.Qd2 Nxc5 10.O-O-O a6 11.Kb1 Qc7 12.g4 b5 13.Bxc5 Bxc5 14.Bd3 b4 15.Ne2 
a5 16.Ng5 h6 17.Nh7 Rd8 18.g5 hxg5 19.Nxg5 Qb6 20.Qe1 b3 21.cxb3 Bf2 22.
Qf1 Nb4 23.Nc3 a4 24.Qh3 axb3 25.a3 Na2 26.Nb5 Ba6 27.Qh5 Qb7 28.Nd6 Qc7 
29.Qh7+ Kf8 30.Nxe6+ 1-0

[Event "17th EUR-ch"]
[Site "Gjakova KOS"]
[Date "2016.05.23"]
[Round "11.40"]
[White "Postny, Evgeny"]
[Black "Boruchovsky, Avital"]
[Result "1/2-1/2"]
[WhiteElo "2662"]
[BlackElo "2542"]
[EventDate "2016.05.12"]
[PlyCount "78"]

1.d4 Nf6 2.c4 e6 3.Nf3 d5 4.g3 Bb4+ 5.Bd2 Be7 6.Bg2 O-O 7.O-O c6 8.Qc2 b6 
9.Bf4 Nbd7 10.Nbd2 Nh5 11.cxd5 Nxf4 12.dxc6 Nxe2+ 13.Kh1 Nf6 14.Qc4 Nf4 
15.gxf4 a5 16.Rfc1 Ba6 17.Qc2 Rc8 18.f5 Qd6 19.fxe6 fxe6 20.Ng5 h6 21.Nde4
Nxe4 22.Nxe4 Qxd4 23.Qb3 Kh8 24.Qxe6 Bf6 25.Qd7 Qxb2 26.Rab1 Qxa2 27.Nxf6 
Rxf6 28.Rxb6 Qe2 29.Qd1 Qxd1+ 30.Rxd1 Be2 31.Rdb1 Bf3 32.Bxf3 Rxf3 33.Rb8 
Rff8 34.c7 Kh7 35.Kg2 a4 36.R8b7 Rf7 37.Rc1 a3 38.Ra7 a2 39.Rxa2 Rcxc7 
1/2-1/2